000 02397cam a22004814i 4500
003 PE-LiUPU
005 20250731173437.0
008 150616s1966 cau r 000 0 eng d
035 _a(Sirsi) a556
040 _aPE-LiUPU
_bspa
_cPE-LiUPU
_erda
049 _aPRUA
082 0 4 _a286.54
_bP54
_221
100 1 _aPierson, Robert H.,
_eautor.
245 1 0 _aSo you want to be a leader! :
_ba spiritual, human relations and promotional approach to church leadership and administration /
_cRoberth Pierson H.
264 1 _aCalifornia :
_bPacific Press Publishing Association,
_c1966.
300 _a152 páginas ;
_c20 centímetros
336 _atext
_2rdacontent
337 _aunmediated
_2rdamedia
338 _avolume
_2rdacarrier
505 0 _aWhy does the church need leaders? -- Do you truly measure up? -- Do you know where you are going and why? -- How do you get along with people? -- Can you really lead men? -- Can you put yourself in the other man's shoes? -- What kind of committee chairman are you? -- Do you know to make decisions?Can you promote? -- How do you budget your time? -- Do you know how to carry on effective and cordial correspondence? -- How do you fare when the going is rough? -- Can you take cristicism? -- Do you have confidence in the brethren? -- Is God your partner? -- Have you lost your sense of urgency? -- Is there fire inside? -- An administrator's prayer.
526 _aSEG42
526 _aSEG41
526 _aSEG40
526 _aSEG39
526 _aP94
526 _aP87
526 _aP86
526 _aP85
526 _aP77
526 _aP76
526 _aP35
650 0 4 _aLiderazgo cristiano.
910 _ajck
_bjvq
_cjck
910 _abgr
_bksl
_cksl
_d20190923
942 _2ddc
_cBOOK
949 _a286.54 P54
_wDEWEY
_c1
_i15441
_lCCODEBUL1
_mBUL
_p00.00
_r0
_sY
_tBOOK
_u2015-04-23
_xTEOLOGIA
_zUNKNOWN
_0COMPRA
_o.STAFF. Colección General
994 _aC0
_bPEPRU
596 _a1
999 _a286.54 P54
_wDEWEY
_c56601
_i15441
_f2019-12-11
_g5
_lDISCARD
_mBUL
_r0
_sY
_tBOOK
_u2015-4-23
_xTEOLOGIA
_zUNKNOWN
_0COMPRA
_o.STAFF. Colección General
_d56601
999 _a286.54 P54
_wDEWEY
_c2
_i80676
_f2021-11-11
_g3
_lCCODEBUL1
_mBUL
_p10.00
_r0
_sY
_tBOOK
_u2019-9-23
_xTEOLOGIA
_PP35
_0DONACION
_o.STAFF. Colección Teología
980 _81
_gALBERTO SANCHEZ Responsable de Automatización